000
00252nam a22001097a 4500
082
_a
684.08 HAI'C
100
_a
HAINES, RAY E
_9
58147
245
_a
CARPENTRY AND WOODWORKING
260
_a
NEWYORK
_b
D. VAN NOSTRAND
_c
1948
300
_a
152P
942
_c
BK
999
_c
568361
_d
568361